Nuclear weapons in israel / (Record no. 125556)

MARC details
000 -LEADER
fixed length control field 00745nam a22002297a 4500
005 - DATE AND TIME OF LATEST TRANSACTION
control field 20170124105956.0
010 ## - LIBRARY OF CONGRESS CONTROL NUMBER
LC control number A-791595
020 ## - INTERNATIONAL STANDARD BOOK NUMBER
Terms of availability 00.00
International Standard Book Number 8170247535
035 ## - SYSTEM CONTROL NUMBER
System control number A-791595
037 ## - SOURCE OF ACQUISITION
Source of stock number/acquisition Cen Lib/Ret
040 ## - CATALOGING SOURCE
Original cataloging agency DPL
Language of cataloging EN
082 ## - DEWEY DECIMAL CLASSIFICATION NUMBER
Classification number 355.825119
Item number NAS
100 ## - MAIN ENTRY--PERSONAL NAME
Personal name Nashif, Taysir N.
9 (RLIN) 14758
245 ## - TITLE STATEMENT
Title Nuclear weapons in israel /
Statement of responsibility, etc by Taysir N. nashif
260 ## - PUBLICATION, DISTRIBUTION, ETC. (IMPRINT)
Place of publication, distribution, etc New Delhi
Name of publisher, distributor, etc APH Publishing Corporation
Date of publication, distribution, etc 1996
270 ## - ADDRESS
City New Delhi
Address 5, ansai road, dariya ganj
Postal code 110002
300 ## - PHYSICAL DESCRIPTION
Extent viii, 124p.
Dimensions 21cm(Hb)
500 ## - GENERAL NOTE
General note Includes bibliographical references and index
650 ## - SUBJECT ADDED ENTRY--TOPICAL TERM
Topical term or geographic name as entry element Nuclear development
Geographic subdivision Israel
9 (RLIN) 14759
650 ## - SUBJECT ADDED ENTRY--TOPICAL TERM
Topical term or geographic name as entry element Weapon development
9 (RLIN) 14760
942 ## - ADDED ENTRY ELEMENTS (KOHA)
Source of classification or shelving scheme Dewey Decimal Classification
Koha item type English Books
Classification part 355.825119
Call number suffix NAS
Holdings
Withdrawn status Lost status Damaged status Not for loan Home library Current library Date acquired Source of acquisition Cost, normal purchase price Total Checkouts Full call number Barcode Date last seen Copy number Cost, replacement price Price effective from Koha item type
        Central Library Central Library 22/06/2015 Cen Lib/Ret 0.00   355.825119 NAS A-791595 22/06/2015 1 0.00 22/06/2015 English Books

© Delhi Public Library
Hit Counter
free hit counter